000 00551nam a22001937a 4500
003 KOHA_MİRAKIL
005 20250417162304.0
008 250417b tu ||||| |||| 00| 0 tur d
020 _a9786057639523
040 _aTR-AnABB
_btur
_cTR-AnABB
041 _atur
082 _a823.914
_bCOR 2021
100 1 _aCorbett, Elizabeth Burgoyne,
245 1 0 _aYeni Amazonya /
_cElizabeth Burgoyne Corbett
260 _aİstanbul :
_bDedalus Kitap,
_c2021
300 _a156 sayfa ;
_c20 cm
650 0 4 _aİngiliz edebiyatı, roman
942 _2ddc
_cBK
999 _c8760
_d8760
900 _bGizem YORULMAZ